000 01743cam a22004574i 4500
003 PE-LiUPU
005 20250731172816.0
008 150617s r 000 0 d
020 _a0311430368
035 _a(Sirsi) i9780311430369
040 _aPE-LiUPU
_bspa
_cPE-LiUPU
_erda
049 _aPRUA
082 0 4 _a232.96
_bA77
_221
100 1 _aArrastía V., Cecilio,
_eautor.
245 1 0 _aItinerario de la pasión :
_bmeditaciones para la semana santa /
_cCecilio Arrastía V.
264 1 _aBuenos Aires :
_bCasa Bautista de Publicaciones,
_c1978.
300 _a128 páginas ;
_c19 centímetros
336 _atext
_2rdacontent
337 _aunmediated
_2rdamedia
338 _avolume
_2rdacarrier
505 0 _aDomingo Ramos: El principio del fin. -Lunes: Un choque eterno: Aparencia versus realidad. -Martes: Trampas y sutilezas. -Miércoles: Paréntesis de misterio. -Jueves santo: A la sombra de la cruz. -Las siete palabras a la cruz. -Sábado del silencio: Sepulcro y discipulado. -El octavo día.
526 _aSEG42
526 _aSEG41
526 _aSEG40
526 _aSEG39
526 _aP94
526 _aP87
526 _aP86
526 _aP85
526 _aP77
526 _aP76
526 _aP35
600 1 _aJesucristo
_xPasión
910 _ajck
_bjvq
_cjck
_d20150616
942 _2ddc
_cBOOK
949 _a232.96 A77
_wDEWEY
_c1
_i18976
_lCCODEBUL1
_mBUL
_r0
_sY
_tBOOK
_u2015-6-17
_xTEOLOGIA
_PP35
_0COMPRA
_o.STAFF. Colección General
994 _aC0
_bPEPRU
596 _a1
999 _a232.96 A77
_wDEWEY
_c4253
_i18976
_d4253
_e2019-4-11
_f2021-11-10
_g5
_lCCODEBUL1
_mBUL
_n1
_r0
_sY
_tBOOK
_u2015-6-17
_xTEOLOGIA
_PP35
_0COMPRA
_o.STAFF. Colección General
980 _81
_gALBERTO SANCHEZ Responsable de Automatización